Star Wars Famous charaters - Statistics

General Stats
  • This quiz has been taken 679 times
  • The average score is 8 of 8
Answer Stats
Picture Hint Answer % Correct
main bad guy darth vader
99%
small strong jedi that talks funny yoda
99%
before darth vader anakin
98%
droid r2d2
98%
droid c3po
96%
new darth vader kylo ren
94%
droid bb8
92%
army storm trooper
84%
No matching quizzes found
Score Distribution
Percent of People with Each Score
Percentile by Number Answered
Your Score History
You have not taken this quiz